<?xml version="1.0" encoding="UTF-8"?>
<record
    xmlns:xsi="http://www.w3.org/2001/XMLSchema-instance"
    xsi:schemaLocation="http://www.loc.gov/MARC21/slim http://www.loc.gov/standards/marcxml/schema/MARC21slim.xsd"
    xmlns="http://www.loc.gov/MARC21/slim">

  <leader>02114nam a2200241 a 4500</leader>
  <controlfield tag="001">113299</controlfield>
  <controlfield tag="003">DR-UNIBE</controlfield>
  <controlfield tag="005">20250307101110.0</controlfield>
  <controlfield tag="008">250307s2013   mx l    s      00001spa   </controlfield>
  <datafield tag="020" ind1=" " ind2=" ">
    <subfield code="a">9786071508454</subfield>
  </datafield>
  <datafield tag="040" ind1=" " ind2=" ">
    <subfield code="a">BIBLIOTECA UNIBE</subfield>
    <subfield code="c">BIBLIOTECA UNIBE</subfield>
    <subfield code="e">rda</subfield>
  </datafield>
  <datafield tag="041" ind1=" " ind2=" ">
    <subfield code="a">spa</subfield>
  </datafield>
  <datafield tag="082" ind1=" " ind2=" ">
    <subfield code="a">657.48 R173c 2013</subfield>
  </datafield>
  <datafield tag="100" ind1=" " ind2=" ">
    <subfield code="a">Ram&#xED;rez Padilla, David Noel </subfield>
    <subfield code="e">autor</subfield>
    <subfield code="9">15999</subfield>
  </datafield>
  <datafield tag="245" ind1=" " ind2="0">
    <subfield code="a">Contabilidad administrativa : </subfield>
    <subfield code="b">un enfoque estrat&#xE9;gico para la competitividad </subfield>
  </datafield>
  <datafield tag="250" ind1=" " ind2=" ">
    <subfield code="a">Novena edici&#xF3;n</subfield>
  </datafield>
  <datafield tag="260" ind1=" " ind2=" ">
    <subfield code="a">M&#xE9;xico :</subfield>
    <subfield code="b">McGraw-Hill Interamericana,</subfield>
    <subfield code="c">2013</subfield>
  </datafield>
  <datafield tag="300" ind1=" " ind2=" ">
    <subfield code="a">582 p&#xE1;ginas : </subfield>
    <subfield code="b">ilustraciones</subfield>
  </datafield>
  <datafield tag="505" ind1=" " ind2=" ">
    <subfield code="a">Cap&#xED;tulo 1. El Papel De La Contabilidad Administrativa En Las Organizaciones |
Cap&#xED;tulo 2. Conceptos, Clasificaciones Y Comportamiento De Los Costos |
Cap&#xED;tulo 3. Sistemas De Informaci&#xF3;n Administrativa Contempor&#xE1;neos |
Cap&#xED;tulo 4. Filosof&#xED;as Administrativas Contempor&#xE1;neas |
Cap&#xED;tulo 5. El Modelo O Relaci&#xF3;n Costo-Volumen-Utilidad |
Cap&#xED;tulo 6. Sistema De Costeo |
Cap&#xED;tulo 7. Planeaci&#xF3;n Y Presupuesto Maestro |
Cap&#xED;tulo 8. El Papel De La Informaci&#xF3;n Administrativa En La Toma De Decisiones A Corto Plazo |
Cap&#xED;tulo 9. Papel De La Informaci&#xF3;n Financiera En La Evaluaci&#xF3;n De Proyectos De Inversi&#xF3;n |
Cap&#xED;tulo 10. Sistemas De Control Administrativo |
Cap&#xED;tulo 11. Descentralizaci&#xF3;n Y Evaluaci&#xF3;n Del Desempe&#xF1;o |
Cap&#xED;tulo 12. Empresas De Servicios |
Cap&#xED;tulo 13. Contabilidad Estrat&#xE9;gica |
Cap&#xED;tulo 14. Responsabilidad Social De La Empresa |
</subfield>
  </datafield>
  <datafield tag="520" ind1=" " ind2=" ">
    <subfield code="a">En esta edici&#xF3;n, hemos enriquecido los diferentes cap&#xED;tulos tanto en contenido, como en el estilo de presentar la informaci&#xF3;n de tal manera que facilite el aprendizaje de los estudiantes. Conservamos la organizaci&#xF3;n del contenido en cinco secciones, porque ello facilita a los docentes y estudiantes el aprendizaje de las &#xE1;reas que incluyen esta disciplina; en estas secciones agrupamos las diferentes t&#xE9;cnicas y herramientas que ofrecen cada una de las &#xE1;reas que integran este campo de la contabilidad administrativa.</subfield>
  </datafield>
  <datafield tag="650" ind1=" " ind2="7">
    <subfield code="a">Contabilidad </subfield>
    <subfield code="2">lemb</subfield>
  </datafield>
  <datafield tag="942" ind1=" " ind2=" ">
    <subfield code="2">ddc</subfield>
    <subfield code="c">BK</subfield>
  </datafield>
  <datafield tag="999" ind1=" " ind2=" ">
    <subfield code="c">113299</subfield>
    <subfield code="d">113299</subfield>
  </datafield>
  <datafield tag="952" ind1=" " ind2=" ">
    <subfield code="0">0</subfield>
    <subfield code="1">0</subfield>
    <subfield code="2">ddc</subfield>
    <subfield code="7">0</subfield>
    <subfield code="8">GEN</subfield>
    <subfield code="a">Principal</subfield>
    <subfield code="d">2025-03-07</subfield>
    <subfield code="l">0</subfield>
    <subfield code="o">657.48 R173c 2013</subfield>
    <subfield code="p">250152</subfield>
    <subfield code="r">2025-03-07 10:12:25</subfield>
    <subfield code="t">Ej. 1</subfield>
    <subfield code="w">2025-03-07</subfield>
    <subfield code="y">BK</subfield>
  </datafield>
</record>
